=LDR 00000nam 2200000 4500 =001 INLIS000000000021510 =005 20201012080657 =035 ##$$a 0010-061300000021510 =008 201012################g##########0#ind## =041 ##$$a Ind =082 ##$$a 306.02 =090 ##$$a 306.02, Pra i =100 ##$$a Prasetya, Joko Tri =245 1#$$a Ilmu Budaya dasar /$c Drs. Joko Tri Prasetya =260 ##$$a Jakarta :$b Rineka cipta,$c 1991 =300 ##$$a vi, 284 hlm ; $c 20 x 14 cm =650 #4$$a Ilmu Budaya Dasar =850 ##$$a NBPNMAT =020 ##$$a 979-518-198-X =084 ##$$a 306.02 PRA i =990 ##$$a 166.470/Hd.2001 =990 ##$$a 30618177